000
00327nam a2200133 4500
008
181217b xxu||||| |||| 00| 0 eng d
020
_a
2900471678082
041
_a
eng
080
_2
6th
_a
575
100
_a
5
101
_a
BIO
245
_a
Textbook of Biochemistry With Clinical Correlations
_c
Devlin,Th.m
942
_2
ddc
_c
BK
999
_c
53174
_d
53174